Statistics for Jazz Saxophonist by Picture

Click here to take the quiz!

General Stats

  • This quiz has been taken 41 times
  • The average score is 29 of 65

Answer Stats

Answer% Correct
Charlie Parker
97%
John Coltrane
97%
Sonny Rollins
95%
Ornette Coleman
92%
Stan Getz
89%
Dexter Gordon
84%
Kamasi Washington
84%
Pharoah Sanders
84%
Wayne Shorter
84%
Lester Young
82%
Coleman Hawkins
79%
Paul Desmond
76%
Sidney Bechet
76%
Sonny Stitt
76%
Branford Marsalis
74%
Gerry Mulligan
74%
Yusef Lateef
74%
Ben Webster
68%
Hank Mobley
68%
Zoot Sims
68%
Joshua Redman
63%
Julian Cannonball Adderley
63%
Michael Brecker
63%
Art Pepper
61%
Joe Henderson
55%
Johnny Hodges
53%
Kenny Garrett
53%
Rahsaan Roland Kirk
53%
Lee Konitz
50%
Illinois Jacquet
47%
Benny Golson
45%
David Sanborn
45%
Lou Donaldson
45%
Grover Washington Jr.
42%
Benny Carter
39%
Joe Lovano
39%
Stanley Turrentine
39%
Harold Land
34%
Dave Liebman
32%
Harry Carney
32%
Jimmy Dorsey
29%
Jimmy Heath
29%
Johnny Griffin
29%
Anat Cohen
26%
Jan Garbarek
26%
Melissa Aldana
26%
Gary Bartz
21%
Charles Lloyd
18%
Jackie McLean
18%
Gato Barbieri
16%
Bud Shank
13%
John Zorn
13%
Donny McCaslin
11%
Julius Hemphill
11%
Nubya Garcia
11%
Sam Rivers
11%
Shabaka Hutchings
11%
David Murray
8%
Lew Tabackin
8%
Oliver Lake
8%
Steve Grossman
8%
Arthur Blythe
5%
Rudresh Mahanthappa
5%
Don Menza
3%
Hamiet Bluiett
3%

Score Distribution

Percentile by Number Answered

Percent of People with Each Score

Your Score History

You have not taken this quiz